| 000 | 00713nam a2200205 a 4500 | ||
|---|---|---|---|
| 001 | 001170369 | ||
| 003 | AM-YEHGA | ||
| 005 | 20260123094635.0 | ||
| 008 | 160818s2016 ai a||||r|||||000|p|arm|d | ||
| 020 | _a978-5-540-02414-3 | ||
| 040 | _aAM-YEHGA | ||
| 041 | 0 | _aarm | |
| 100 | 1 |
_aՊետրոսյան, Զավեն Ասլիբեկի, _d1957- |
|
| 245 | 1 | 0 |
_aՃախրող ժայռահավքեր : _bԲանաստեղծություններ / _cԶ.Ա.Պետրոսյան ; Խմբագիր՝ Գ. Էվոյան. |
| 260 |
_aԵրևան : _b«Հայաստան» հրատ., _c2016. |
||
| 300 |
_a200 էջ : _aնկ. ; _c20 սմ. |
||
| 650 | 1 | 4 | _aՀայ պոեզիա |
| 700 | 1 | _aԷվոյան, Գարեգին | |
| 942 |
_2udc _cBK |
||
| 999 |
_c538959 _d538959 |
||